UBT Library

Reforming international environmental governance (Record no. 921)

000 -LEADER
fixed length control field 00661nam a22001937a 4500
008 - FIXED-LENGTH DATA ELEMENTS--GENERAL INFORMATION
fixed length control field 150528b xxu||||| |||| 00| 0 eng d
020 ## - INTERNATIONAL STANDARD BOOK NUMBER
International Standard Book Number 9789280811117
041 0# - LANGUAGE CODE
Language code of text/sound track or separate title ENG
080 ## - UNIVERSAL DECIMAL CLASSIFICATION NUMBER
Universal Decimal Classification number 504.06 GRE
245 00 - TITLE STATEMENT
Title Reforming international environmental governance
Statement of responsibility, etc edited by W. Bradnee Chambers and Jessica F. Green.
300 ## -
-- 234 f
500 ## -
-- INDEX
500 ## -
-- BIBLIOGRAFI
650 ## -
-- Environmental policy
-- International cooperation.
650 ## -
-- Environmental law, International.
700 ## -
-- Chambers, W. Bradnee.
700 ## -
-- Green, Jessica F.
942 ## - ADDED ENTRY ELEMENTS (KOHA)
Source of classification or shelving scheme
Item type Books
Holdings
Withdrawn status Lost status Source of classification or shelving scheme Damaged status Not for loan Collection code Permanent location Current location Shelving location Date acquired Total Checkouts Full call number Date last seen Price effective from Koha item type
          Koleksioni i përgjithshem UBT - Lipjan UBT - Lipjan Koleksioni i përgjithshem 05/28/2015   504.06 GRE 05/28/2015 05/28/2015 Books
UBT Library © 2015-2024. All rights reserved University Education for Business and Technology